| 000 | 01212cab a2200253 4500 | ||
|---|---|---|---|
| 001 | X294 | ||
| 008 | 090401t1992 xxu||||| |||| 00| 0 eng d | ||
| 035 | _a(Sirsi) u64924 | ||
| 041 | _aeng | ||
| 100 | _aNkado, R.N. | ||
| 245 | _aConstruction time information system for the building industry | ||
| 260 | _c1992 | ||
| 350 | _a0 | ||
| 490 |
_aConstruction Management & Economics _v10(6) November 1992, 489-509(21) |
||
| 520 | _aDescribes a computerised construction time information system for time planning of buildings at early stages of design. A sample of 29 commercial privately funded buildings was used to develop the proposed model. A procedure for extending the model to other project categories is shown. Multiple linear regression analysis of sample data shows that the durations of activity groups: substructure, superstructure, cladding, finishes, services and their sequential start - start lag times can be predicted from 12 variables. | ||
| 650 | _aCONSTRUCTION PROGRAMMES | ||
| 650 | _aCONSTRUCTION PROJECTS | ||
| 650 | _aDURATION FORECASTS | ||
| 650 | _aINFORMATION SYSTEMS | ||
| 650 | _aTIME PLANNING | ||
| 690 |
_aProject management _96261 |
||
| 942 | _n0 | ||
| 948 | _c04/03/1997 | ||
| 999 |
_c40454 _d40454 |
||